Командующий 1-м Украинским фронтом И. С. Конев и командующий группой войск США генерал О. Н. Брэдли принимают парад почетного ка...

RUSMARC
00004309ckm0a2200289#x 450
001a8df591d-a7ed-45d8-9f18-c0a2628dfea9
00520250505142608.0
100##$a20250505j19450505k###0rusy50 ca
102##$aDE
116##$afiybxx####zz####zz
1220#$ad19450505##
2001#$aКомандующий 1-м Украинским фронтом И. С. Конев и командующий группой войск США генерал О. Н. Брэдли принимают парад почетного караула после встречи союзных войск на р. Эльбе, г. Торгау
$j5 мая 1945 г.
251##$cДокумент
300##$aФотография
300##$aПодлинник
300##$aФотограф не установлен
600#1$2nlr_sh
$3RU\NLR\AUTH\66565444
$aКонев
$gИван Степанович
$bИ. С.
$f1897 - 1973
$jФотографии
600#1$2prlib_sh
$3LIBNET\UAF\0000116867
$aБрэдли
$gОмар
$bО.
$f1893 - 1981
$jФотографии
605##$2prlib_sh
$3LIBNET\UAF\0000088514
$aВторая мировая война в архивных документах (Комплекс оцифрованных архивных документов, кино- и фотоматериалов)
$lколлекция
6061#$2nlr_sh
$3RU\NLR\AUTH\6615750
$aВеликая Отечественная война
$z1941 - 1945
$xГерои и героизм
$jФотографии
608##$2prlib_sh
$3LIBNET\UAF\0000115139
$aДокументальные фотографии
$z1945
686##$a63.3(2)622,13я61
$vLBC/M
$2rubbk
801#0$aRU
$bПБ им. Б.Н. Ельцина
$c20250505
801#1$aRU
$bПБ им. Б.Н. Ельцина
$c20250505
$2rusmarc
801#2$aRU
$bПБ им. Б.Н. Ельцина
$c20250505
$2rusmarc
850##$aРоссийский государственный архив кинофотофонодокументов
852##$aРГАКФФД
$jАрх. № 0-225897
035##$aLIBNET\0001471314
937##$d196711149
$hФедеральное архивное агентство
8564#$uhttp://readingroom.main.prlib.ru/item.aspx?id_node=n196711149&mode=full
Формат отображения